000 00459nam a2200181Ia 4500
001 17404
005 20260306171515.0
008 260306s9999||||xx |||||||||||||| ||und||
041 _aESP
082 _a657.863
_bA37
100 _aAlcántara Navarro, León
_eAUT
245 0 _aContabilidad de costos agrícola:
_bteoría y práctica
260 _c2018
300 _a236 páginas :
_c24 cm.
650 _aGEN
654 _aCCO
942 _cLIB
_dJUS
_fJUS
_2ddc
_n
999 _c17404
_d17404